|
|
|
|
| LEADER |
01367nam a2200337 4500 |
| 001 |
DLU180183062 |
| 005 |
##20180115 |
| 020 |
# |
# |
|a 9786047850037
|
| 040 |
# |
# |
|a DLU
|b vie
|
| 041 |
# |
# |
|a vie
|
| 044 |
# |
# |
|a vn
|
| 082 |
# |
# |
|a 392.109 597
|b LU-A
|
| 100 |
# |
# |
|a Lương Việt Anh.
|
| 245 |
# |
# |
|a Lễ cầu tự của người Nùng Phàn Slình ở huyện Võ Nhai, tỉnh Thái Nguyên /
|c Lương Việt Anh, Nguyễn Thị Thúy.
|
| 260 |
# |
# |
|a H. :
|b Mỹ thuật,
|c 2016.
|
| 300 |
# |
# |
|a 200 tr. :
|b minh họa màu;
|c 21 cm.
|
| 504 |
# |
# |
|a Tài liệu tham khảo: tr. 159-162.
|
| 505 |
# |
# |
|a Chương 1. Khái quát về người Nùng Phàn Slình ở huyện Võ Nhai, tỉnh Thái Nguyên -- Chương 2. Tiến trình nghi lễ cầu tự của người Nùng Phàn Slình ở huyện Võ Nhai, tỉnh Thái Nguyên -- Chương 3. Công tác bảo tồn phát huy những giá trị văn hóa của nghi lễ cầu tự trong đời sống xã hội hiện nay.
|
| 650 |
# |
# |
|a Tày Nùng (Dân tộc Đông Nam Á)
|z Việt Nam
|z Thái Nguyên
|x Đời sống xã hội và tập quán.
|
| 700 |
# |
# |
|a Nguyễn Thị Thúy.
|
| 923 |
# |
# |
|a 01/2017
|
| 991 |
# |
# |
|a SH
|
| 992 |
# |
# |
|a 8000
|
| 994 |
# |
# |
|a DLU
|
| 900 |
# |
# |
|a True
|
| 911 |
# |
# |
|a Nguyễn Thanh Hương
|
| 925 |
# |
# |
|a G
|
| 926 |
# |
# |
|a A
|
| 927 |
# |
# |
|a SH
|
| 980 |
# |
# |
|a Thư viện Trường Đại học Đà Lạt
|